[Event "3rd KL Open"]
[Site "Kuala Lumpur MAS"]
[Date "2010.04.08"]
[Round "3"]
[White "Khairul,A"]
[Black "Capel,E"]
[Result "1-0"]
[WhiteElo "2335"]
[BlackElo "2023"]
[EventDate "2010.04.07"]

1. d4 Nf6 2. c4 c5 3. d5 b5 4. cxb5 a6 5. b6 Qxb6 6. Nc3 g6 7. e4 d6 8. Nf3
Bg7 9. Be2 O-O 10. O-O Bg4 11. Nd2 Bxe2 12. Qxe2 Nbd7 13. a4 a5 14. Nc4 Qb8
15. Nb5 Nb6 16. Nxb6 Qxb6 17. Bd2 Rfb8 18. Bc3 Ne8 19. e5 Nc7 20. Nxc7 Qxc7
21. f4 Re8 22. e6 f5 23. h4 Rab8 24. Rf3 Qb7 25. Qd3 Bxc3 26. bxc3 Qb2 27.
Raf1 Rf8 28. h5 gxh5 29. Rh3 Rb3 30. Qf3 h4 31. Qh5 Rf6 32. Rxh4 h6 33.
Qe8+ Kg7 34. Rf3 1-0

[Event "3rd KL Open"]
[Site "Kuala Lumpur MAS"]
[Date "2010.04.08"]
[Round "4"]
[White "Nguyen Anh Dung"]
[Black "Luther,T"]
[Result "1-0"]
[WhiteElo "2464"]
[BlackElo "2559"]
[EventDate "2010.04.07"]

1. d4 d5 2. c4 e6 3. Nc3 Bb4 4. e3 Nf6 5. Nf3 O-O 6. Bd3 c5 7. O-O Nc6 8.
h3 cxd4 9. exd4 dxc4 10. Bxc4 b6 11. Bg5 Bb7 12. Rc1 Be7 13. a3 Nd5 14. Bd2
Bf6 15. Nxd5 exd5 16. Bb5 Nxd4 17. Nxd4 Bxd4 18. Bb4 Bc5 19. Bxc5 bxc5 20.
Rxc5 d4 21. Qg4 Qd6 22. b4 a5 23. Rd1 axb4 24. axb4 Rfd8 25. Bc4 g6 26. Qg5
Rac8 27. Qh6 Rxc5 28. bxc5 Qc6 29. Qg5 Kg7 30. Rb1 h6 31. Qe5+ Kh7 32. f3
Qd7 33. Rb6 1-0

[Event "3rd KL Open"]
[Site "Kuala Lumpur MAS"]
[Date "2010.04.08"]
[Round "4"]
[White "Rahman,Zia"]
[Black "Swapnil,SD"]
[Result "1-0"]
[WhiteElo "2558"]
[BlackElo "2442"]
[EventDate "2010.04.07"]

1. d4 Nf6 2. Nf3 e6 3. e3 c5 4. Bd3 d5 5. b3 Nc6 6. Bb2 Qc7 7. a3 Bd6 8.
Nbd2 e5 9. dxc5 Bxc5 10. b4 Bd6 11. e4 d4 12. O-O a6 13. c3 dxc3 14. Bxc3
O-O 15. Rc1 Qe7 16. Nc4 Bc7 17. Qe2 Rd8 18. Rfd1 b5 19. Ne3 Nd4 20. Bxd4
exd4 21. e5 Bxe5 22. Nc2 Bd6 23. Qxe7 Bxe7 24. Ncxd4 Bb7 25. Rc7 Rd7 26.
Rxd7 Nxd7 27. Nf5 Bf8 28. Bc2 Rc8 29. Ne3 1-0

[Event "3rd KL Open"]
[Site "Kuala Lumpur MAS"]
[Date "2010.04.08"]
[Round "4"]
[White "Ashwin,J"]
[Black "Situru,N"]
[Result "1-0"]
[WhiteElo "2446"]
[BlackElo "2358"]
[EventDate "2010.04.07"]

1. e4 c5 2. Nf3 d6 3. d4 cxd4 4. Nxd4 Nf6 5. Nc3 g6 6. Be3 Bg7 7. f3 Nc6 8.
Qd2 h5 9. O-O-O Bd7 10. g3 Ne5 11. h3 Rc8 12. Kb1 a6 13. Be2 b5 14. g4 b4
15. Nd5 Nxd5 16. exd5 Nc4 17. Bxc4 Rxc4 18. Qd3 Qc8 19. Nc6 Rxc6 20. dxc6
Qxc6 21. Bg5 Be6 22. Rhe1 Kd7 23. f4 hxg4 24. hxg4 Bf8 25. f5 gxf5 26. gxf5
Bc4 27. Qe3 f6 28. Bf4 a5 29. b3 Bf7 30. Qa7+ Qc7 31. Qa8 Qc5 32. Bh6 Bg7
33. Qb7+ 1-0

[Event "3rd KL Open"]
[Site "Kuala Lumpur MAS"]
[Date "2010.04.08"]
[Round "4"]
[White "Sukandar,I"]
[Black "Dzhumaev,M"]
[Result "0-1"]
[WhiteElo "2316"]
[BlackElo "2525"]
[EventDate "2010.04.07"]

1. e4 d6 2. d4 Nf6 3. Nc3 g6 4. Bg5 Bg7 5. Qd2 h6 6. Be3 Ng4 7. Bf4 e5 8.
dxe5 Nxe5 9. Be2 g5 10. Be3 Ng6 11. Bd4 Bxd4 12. Qxd4 Nc6 13. Bb5 O-O 14.
Qd2 Nce5 15. O-O-O Be6 16. h4 f5 17. h5 Ne7 18. f4 gxf4 19. Nh3 fxe4 20.
Nxf4 Bg4 21. Nxe4 d5 22. Ng6 N5xg6 23. hxg6 Nf5 24. Qf4 Bxd1 25. Rxd1 c6
26. g4 Qh4 27. Qc7 Qe7 28. Qh2 Ne3 29. Qxh6 Nxd1 30. g5 cxb5 31. Nf6+ Rxf6
32. gxf6 Qe3+ 0-1

[Event "3rd KL Open"]
[Site "Kuala Lumpur MAS"]
[Date "2010.04.08"]
[Round "4"]
[White "Dimakiling,O"]
[Black "Fatianova,T"]
[Result "1-0"]
[WhiteElo "2441"]
[BlackElo "2303"]
[EventDate "2010.04.07"]

1. Nf3 Nf6 2. c4 e6 3. Nc3 d5 4. e3 Be7 5. Qc2 Nbd7 6. d4 a6 7. cxd5 exd5
8. Bd3 O-O 9. O-O Re8 10. Ne5 Bd6 11. f4 c5 12. Nxd5 Bxe5 13. fxe5 Nxd5 14.
Bxh7+ Kh8 15. Be4 Nf8 16. Rxf7 b6 17. Qe2 Be6 18. Rxf8+ Rxf8 19. Qh5+ 1-0

[Event "3rd KL Open"]
[Site "Kuala Lumpur MAS"]
[Date "2010.04.08"]
[Round "4"]
[White "Murshed,N"]
[Black "Smith,Ro"]
[Result "1-0"]
[WhiteElo "2413"]
[BlackElo "2269"]
[EventDate "2010.04.07"]

1. d4 d5 2. c4 c6 3. Nc3 Nf6 4. e3 g6 5. Nf3 Bg7 6. Bd3 O-O 7. Qb3 Qb6 8.
Qc2 Nbd7 9. O-O dxc4 10. Bxc4 Qc7 11. h3 e5 12. b3 exd4 13. Nxd4 Nb6 14.
Be2 Nfd5 15. Nxd5 Nxd5 16. Bb2 Qe7 17. Bf3 Rd8 18. Rad1 Be6 19. Nxe6 Qxe6
20. Bxd5 Rxd5 21. Rxd5 Qxd5 22. Bxg7 Kxg7 23. Rd1 Qe6 24. Qc5 b6 25. Qd4+
Kg8 26. Qd7 Qxd7 27. Rxd7 a5 28. Rc7 Rd8 29. Rxc6 Rd1+ 30. Kh2 Rd2 31. a4
Rxf2 32. Kg3 Rb2 33. Rxb6 Kg7 34. Kf3 g5 35. g3 f6 36. h4 gxh4 37. gxh4 Kg6
38. e4 Kh5 39. Kg3 Re2 40. Rb5+ Kg6 41. h5+ Kh6 42. Kf4 Rf2+ 43. Kg4 Rg2+
44. Kf4 Rf2+ 45. Ke3 Rg2 46. Kd4 Rg5 47. Rf5 Kxh5 48. b4 1-0

[Event "3rd KL Open"]
[Site "Kuala Lumpur MAS"]
[Date "2010.04.08"]
[Round "4"]
[White "Bhakti,K"]
[Black "Palit,S"]
[Result "1-0"]
[WhiteElo "2242"]
[BlackElo "2411"]
[EventDate "2010.04.07"]

1. d4 Nf6 2. c4 g6 3. Nc3 d5 4. Nf3 Bg7 5. Bg5 c6 6. e3 O-O 7. Be2 Nbd7 8.
h3 Qa5 9. Qd2 dxc4 10. Bxc4 e5 11. Bxf6 Bxf6 12. d5 Nb6 13. Bb3 cxd5 14.
Nxd5 Qxd2+ 15. Nxd2 Nxd5 16. Bxd5 Rd8 17. Ne4 Be7 18. O-O-O Rb8 19. Rd2 Bf5
20. Nc3 b5 21. g4 b4 22. Ne2 Rbc8+ 23. Kd1 Bd7 24. Rf1 Bb5 25. f4 Bc5 26.
Rf3 exf4 27. Nxf4 Kg7 28. e4 Rd7 29. Nd3 Bd6 30. Rdf2 Rcc7 31. b3 g5 32.
Rc2 Rxc2 33. Kxc2 f6 34. Nb2 Bf4 35. Rf2 Rc7+ 36. Nc4 h5 37. Be6 hxg4 38.
hxg4 Re7 39. Bf5 Re8 40. a4 Bc6 41. Re2 Rh8 42. Na5 Be8 43. Nc4 Bf7 44. Ne3
Rh3 45. Nd5 a5 46. Bd7 Be5 47. Ne3 Kf8 48. Bb5 Be6 49. Bc4 Bd7 50. Bb5 Bc8
51. Rd2 Rxe3 52. Rd8+ Ke7 53. Rxc8 Rxe4 54. Rc4 Re2+ 55. Kc1 Rb2 56. Rc7+
Kd8 57. Rd7+ Kc8 58. Rd3 1-0

[Event "3rd KL Open"]
[Site "Kuala Lumpur MAS"]
[Date "2010.04.08"]
[Round "4"]
[White "Purnama,T"]
[Black "Vinoth Kumar,M"]
[Result "1-0"]
[WhiteElo "2410"]
[BlackElo "2242"]
[EventDate "2010.04.07"]

1. d4 d6 2. Nf3 g6 3. g3 Bg7 4. Bg2 Nd7 5. c4 e5 6. Nc3 Nh6 7. e4 f6 8. O-O
O-O 9. Qc2 Nf7 10. h3 c6 11. Rd1 Qe7 12. b3 Re8 13. Be3 Nf8 14. b4 f5 15.
d5 f4 16. gxf4 exf4 17. Bxf4 g5 18. Bg3 Qf6 19. Rac1 Qh6 20. Nd4 Bxh3 21.
Nf5 Bxf5 22. exf5 Rac8 23. c5 Be5 24. Ne4 dxc5 25. d6 Nd7 26. Nxc5 Bxg3 27.
fxg3 Nxc5 28. bxc5 Rcd8 29. Re1 Ne5 30. Qb3+ Kf8 31. Re4 Nd7 32. Qc3 Qf6
33. Qxf6+ Nxf6 34. Re6 Kf7 35. Rce1 Nd7 36. Bf3 Nf6 37. Re7+ Kf8 38. R1e6
Ng8 39. f6 b6 40. Bh5 1-0

[Event "3rd KL Open"]
[Site "Kuala Lumpur MAS"]
[Date "2010.04.08"]
[Round "4"]
[White "Chan,Ni"]
[Black "Ismail,Ah"]
[Result "1-0"]
[WhiteElo "2398"]
[BlackElo "2033"]
[EventDate "2010.04.07"]

1. d4 Nf6 2. Nf3 d5 3. c4 c6 4. Nc3 a6 5. Qb3 e6 6. Bg5 Be7 7. e3 h6 8. Bh4
O-O 9. Be2 Nbd7 10. O-O Qb6 11. Qxb6 Nxb6 12. c5 Nbd7 13. b4 Re8 14. a4 Ne4
15. Nb1 Bxh4 16. Nxh4 g5 17. Nf3 e5 18. Rd1 exd4 19. Nxd4 Ne5 20. f3 Nf6
21. Nd2 Ng6 22. Kf2 Bd7 23. N2b3 Rad8 24. Na5 Rb8 25. Bd3 Ne5 26. Bf1 b6
27. Nab3 Nc4 28. Re1 bxc5 29. bxc5 Rb4 30. Bxc4 Rxc4 31. Rac1 Rb4 32. Na5
Rb2+ 33. Rc2 Reb8 34. Rec1 R8b4 35. Naxc6 Rxc2+ 36. Rxc2 Rc4 37. Rxc4 dxc4
38. Nb4 Bxa4 39. Nxa6 c3 40. Nb4 1-0

[Event "3rd KL Open"]
[Site "Kuala Lumpur MAS"]
[Date "2010.04.09"]
[Round "5"]
[White "Hou Yifan"]
[Black "Nguyen Anh Dung"]
[Result "1/2-1/2"]
[WhiteElo "2570"]
[BlackElo "2464"]
[EventDate "2010.04.07"]

1. e4 e5 2. Nf3 Nc6 3. Bb5 a6 4. Ba4 Nf6 5. O-O Be7 6. Re1 b5 7. Bb3 d6 8.
c3 O-O 9. h3 Bb7 10. d4 Re8 11. Nbd2 Bf8 12. a4 h6 13. d5 Na5 14. Ba2 c6
15. b4 Nc4 16. Nxc4 bxc4 17. Bxc4 cxd5 18. exd5 e4 19. Nd4 Nxd5 20. Qb3 Re5
21. Bxd5 Bxd5 22. c4 Bb7 23. Bf4 Re8 24. Rac1 Rc8 25. Qg3 Qf6 26. Nb3 d5
27. cxd5 Bxd5 28. Rxc8 Rxc8 29. Nc5 Bxc5 30. bxc5 Rxc5 31. Rd1 Qc6 32. Kh2
Kh7 33. Be3 Qxa4 34. Bd4 f6 35. Bxc5 Qxd1 36. Bf8 g5 37. Qc7+ Kg6 38. Qg7+
Kf5 39. Qd7+ Ke5 40. Qd6+ Kd4 41. Qxf6+ Kd3 42. Qxa6+ Bc4 43. Qd6+ Ke2 44.
Qxd1+ Kxd1 45. Bxh6 Ke2 46. Kg1 g4 47. hxg4 Be6 48. Be3 Bxg4 49. Kh2 Kf1
50. Kg3 Bd1 51. Kh3 Ke2 52. Kh4 Kd3 53. g4 Kc4 54. Kg5 Kd5 55. Kf5 Kd6 56.
g5 Ke7 57. Kg6 Ke6 58. Kh7 Bg4 59. g6 Bf5 60. Kg7 Ke7 61. Bg5+ Ke6 62. Bd2
e3 63. Bxe3 Bc2 64. f4 Ke7 65. Bd4 Ke6 66. Bc5 Bd3 67. Kh6 Bc2 68. Bd4 Bd3
69. Kg5 Bc2 1/2-1/2

[Event "3rd KL Open"]
[Site "Kuala Lumpur MAS"]
[Date "2010.04.09"]
[Round "5"]
[White "Mchedlishvili,M"]
[Black "Ashwin,J"]
[Result "1/2-1/2"]
[WhiteElo "2634"]
[BlackElo "2446"]
[EventDate "2010.04.07"]

1. c4 e6 2. d4 d5 3. Nf3 c6 4. e3 Bd6 5. Bd3 f5 6. b3 Nf6 7. O-O Qe7 8. Bb2
O-O 9. Nbd2 Bd7 10. Ne5 Be8 11. f3 Nbd7 12. Qe2 Bh5 13. Qf2 Ne4 14. Bxe4
fxe4 15. Nxd7 Qxd7 16. Qh4 Bg6 17. f4 Bb4 18. Rf2 a5 19. a3 Bxd2 20. Rxd2
a4 21. cxd5 cxd5 22. bxa4 Rfc8 23. Rc1 Rxc1+ 24. Bxc1 Qc7 25. Qe1 Rxa4 26.
Rb2 Rxa3 27. Rxb7 Rxe3 28. Bxe3 Qxb7 29. Qc3 h6 30. h3 Bh5 31. Qd2 Qa6 32.
Kf2 Be8 33. Qc3 Bb5 34. Qd2 Qa3 35. Qc1 Qd3 36. Qd2 Qf1+ 37. Kg3 Kh7 38.
Qc1 Qd3 39. Qd2 Qb3 40. Kf2 Kg6 41. Kg3 Kf5 42. Kf2 h5 43. Kg3 Ba4 44. Kh4
g6 45. Qc1 Kf6 1/2-1/2

[Event "3rd KL Open"]
[Site "Kuala Lumpur MAS"]
[Date "2010.04.09"]
[Round "5"]
[White "Khamrakulov,D"]
[Black "Rahman,Zia"]
[Result "1/2-1/2"]
[WhiteElo "2509"]
[BlackElo "2558"]
[EventDate "2010.04.07"]

1. e4 c5 2. Nf3 e6 3. c3 Nf6 4. e5 Nd5 5. d4 cxd4 6. cxd4 d6 7. Nc3 Nxc3 8.
bxc3 Qc7 9. Bd2 Nd7 10. exd6 Bxd6 11. Bd3 b6 12. O-O Bb7 13. Re1 O-O 14.
Ne5 Bxe5 15. dxe5 Nc5 16. Bc2 Rfd8 17. Re3 Qd7 18. Be1 Qxd1 19. Bxd1 Rd3
20. Re2 Rad8 21. Bc2 R3d5 22. Bb3 Ba6 23. Bxd5 Bxe2 24. Bb3 a5 25. f3 a4
26. Bc2 b5 27. Bf2 Nd3 28. Bd4 Nf4 29. Kf2 Bc4 30. a3 Ne2 31. Ke3 f5 32. f4
g5 33. g3 gxf4+ 34. gxf4 Nxd4 35. cxd4 Kf7 36. Bd3 Rb8 37. Kd2 Bb3 38. Kc3
Rc8+ 39. Kb4 Rd8 40. Kc3 1/2-1/2

[Event "3rd KL Open"]
[Site "Kuala Lumpur MAS"]
[Date "2010.04.09"]
[Round "5"]
[White "Swapnil,SD"]
[Black "Megaranto,S"]
[Result "1/2-1/2"]
[WhiteElo "2442"]
[BlackElo "2527"]
[EventDate "2010.04.07"]

1. d4 e6 2. c4 c5 3. Nf3 cxd4 4. Nxd4 a6 5. g3 Qc7 6. Bg2 Bb4+ 7. Nc3 Nf6
8. O-O O-O 9. Bg5 Bxc3 10. bxc3 Ng4 11. Qb3 d6 12. Rab1 h6 13. Bc1 Nd7 14.
Nc2 Rb8 15. Rd1 b6 16. Ne3 Nc5 17. Qc2 Nf6 18. Rd4 Bb7 19. Bxb7 Rxb7 20.
Ba3 Rd8 21. Rbd1 Qc6 22. f3 Rbd7 23. Kg2 Rb8 24. Qd2 Rbd8 25. Qc2 Ne8 26.
Qd2 f5 27. Qc2 Nf6 28. h3 d5 29. cxd5 Nxd5 30. Nxd5 Rxd5 31. Rxd5 Rxd5 32.
Rxd5 1/2-1/2

[Event "3rd KL Open"]
[Site "Kuala Lumpur MAS"]
[Date "2010.04.09"]
[Round "5"]
[White "Luther,T"]
[Black "Purnama,T"]
[Result "1-0"]
[WhiteElo "2559"]
[BlackElo "2410"]
[EventDate "2010.04.07"]

1. e4 c5 2. Nf3 e6 3. d4 cxd4 4. Nxd4 a6 5. Bd3 Nf6 6. O-O d6 7. c4 b6 8.
Nc3 Bb7 9. Be3 g6 10. f3 Bg7 11. Qd2 Qc7 12. Rfc1 O-O 13. Bf1 Nbd7 14. a4
Rab8 15. b4 Ne5 16. a5 Nfd7 17. b5 bxa5 18. bxa6 Bxa6 19. Ncb5 Qd8 20. f4
Ng4 21. Nc6 Nxe3 22. Nxd8 Nxf1 23. Kxf1 Rfxd8 24. Rxa5 Nc5 25. Qe3 1-0

[Event "3rd KL Open"]
[Site "Kuala Lumpur MAS"]
[Date "2010.04.09"]
[Round "5"]
[White "Dzhumaev,M"]
[Black "Bhakti,K"]
[Result "1-0"]
[WhiteElo "2525"]
[BlackElo "2242"]
[EventDate "2010.04.07"]

1. e4 c6 2. Nf3 d5 3. Nc3 Bg4 4. h3 Bxf3 5. Qxf3 e6 6. d3 g6 7. Bd2 Bg7 8.
g4 h5 9. g5 Qd7 10. h4 Na6 11. O-O-O O-O-O 12. Bh3 Nc7 13. Qg3 Ne7 14. f4
d4 15. Ne2 f5 16. gxf6 Bxf6 17. Ng1 c5 18. Nf3 Rhf8 19. Ng5 Bh8 20. Rhf1 b6
21. Kb1 Kb7 22. Rde1 a5 23. Nxe6 Nxe6 24. f5 Qc7 25. Qg2 c4 26. fxe6 c3 27.
Bc1 cxb2 28. Bg5 Be5 29. Rf7 Rfe8 30. Ref1 Ka6 31. Rh7 Rc8 32. Rff7 Qc3 33.
Qd2 Nc6 34. Qxc3 dxc3 35. d4 Nxd4 36. a4 b5 37. Be3 b4 38. Rd7 b3 39. Rxd4
bxc2+ 40. Kxc2 1-0

[Event "3rd KL Open"]
[Site "Kuala Lumpur MAS"]
[Date "2010.04.09"]
[Round "5"]
[White "Praveen Kumar,C1"]
[Black "Dimakiling,O"]
[Result "0-1"]
[WhiteElo "2405"]
[BlackElo "2441"]
[EventDate "2010.04.07"]

1. d4 e6 2. Nf3 c5 3. e3 b6 4. Bd3 Nf6 5. O-O Bb7 6. Nbd2 Be7 7. b3 O-O 8.
Bb2 d6 9. c4 Nbd7 10. Qe2 Qc7 11. Rac1 Rad8 12. a3 Qb8 13. b4 Rfe8 14. Rfe1
Bf8 15. Bb1 d5 16. bxc5 bxc5 17. Ne5 Nxe5 18. dxe5 Nd7 19. Nf3 g6 20. Ng5
Bh6 21. h4 Ba6 22. f4 Bxg5 23. hxg5 Nb6 24. Bc3 Bxc4 25. Qf2 Qb7 26. g4 Nd7
27. Bc2 Qa6 28. a4 Bd3 29. Red1 Bxc2 30. Qxc2 Rb8 31. Kf2 Qc4 32. a5 Rb3
33. Bd2 Qxc2 34. Rxc2 Reb8 35. Bc3 Ra3 36. Ke2 Rbb3 37. Kd2 Nb8 38. f5 gxf5
39. gxf5 exf5 40. Bb2 Rxa5 41. Rf1 Nc6 42. Bc3 Ra4 43. Rxf5 Nd8 44. Rf4
Rxf4 45. exf4 Ne6 46. Ra2 d4 0-1

[Event "3rd KL Open"]
[Site "Kuala Lumpur MAS"]
[Date "2010.04.09"]
[Round "5"]
[White "Das,Say"]
[Black "Duong The Anh"]
[Result "1/2-1/2"]
[WhiteElo "2216"]
[BlackElo "2425"]
[EventDate "2010.04.07"]

1. e4 c5 2. Nf3 Nc6 3. d4 cxd4 4. Nxd4 g6 5. c4 Nf6 6. Nc3 d6 7. Be2 Nxd4
8. Qxd4 Bg7 9. Be3 O-O 10. Qd2 Be6 11. Rc1 Qa5 12. f3 Rfe8 13. b3 a6 14.
Na4 Qxd2+ 15. Kxd2 Nd7 16. g4 f5 17. exf5 gxf5 18. h3 Rf8 19. f4 Rad8 20.
Rhg1 Kh8 21. Bd3 fxg4 22. hxg4 Nc5 23. Nxc5 dxc5 24. Rh1 Bg8 25. Kc2 Bd4
26. Bd2 e5 27. f5 b5 28. Bh6 bxc4 29. bxc4 e4 30. Bxe4 Bg7 31. Bxg7+ Kxg7
32. g5 Rd4 33. f6+ Kf7 34. Bd5+ Kg6 35. Rcg1 Bxd5 36. cxd5 Rf7 37. Rh6+ Kf5
38. Rh5 Kg6 39. Rh6+ Kf5 40. Rgh1 Kxg5 41. R1h5+ Kg4 42. Re5 Rf4 43. d6 Rd7
44. Rd5 Rd4 45. Rxd4+ cxd4 46. Kd3 Kg5 47. f7 Rxf7 48. Re6 Kf5 49. Re7 Kf6
50. Rc7 Ke6 51. Rc6 Rd7 52. Rxa6 Rxd6 53. Rxd6+ Kxd6 54. Kxd4 1/2-1/2

[Event "3rd KL Open"]
[Site "Kuala Lumpur MAS"]
[Date "2010.04.09"]
[Round "5"]
[White "Hoang Thi Bao Tram"]
[Black "Bui Vinh"]
[Result "0-1"]
[WhiteElo "2318"]
[BlackElo "2480"]
[EventDate "2010.04.07"]

1. d4 d5 2. c4 c6 3. Nc3 Nf6 4. cxd5 cxd5 5. Bf4 Nc6 6. e3 a6 7. Bd3 Bg4 8.
Nf3 e6 9. Rc1 Bd6 10. Bxd6 Qxd6 11. O-O O-O 12. Na4 Rac8 13. a3 b5 14. Nc5
Na5 15. Qe1 Nc4 16. b3 Bxf3 17. gxf3 e5 18. bxc4 bxc4 19. Bf5 Rc6 20. Qd2
exd4 21. exd4 g6 22. Bg4 h5 23. Bh3 h4 24. Bg4 Rb8 25. Rfe1 Kg7 26. Qe3 Re8
27. Qg5 Rxe1+ 28. Rxe1 Qc7 29. Rb1 c3 30. Rc1 Rxc5 31. dxc5 d4 32. Rd1 Qe7
33. Rxd4 Qe1+ 34. Kg2 c2 35. Rc4 Nxg4 36. fxg4 h3+ 37. Kg3 Qh1 0-1

[Event "3rd KL Open"]
[Site "Kuala Lumpur MAS"]
[Date "2010.04.09"]
[Round "5"]
[White "Yeoh,L"]
[Black "Prathamesh,S"]
[Result "1/2-1/2"]
[WhiteElo "1971"]
[BlackElo "2403"]
[EventDate "2010.04.07"]

1. e4 c5 2. c3 Nf6 3. e5 Nd5 4. d4 cxd4 5. cxd4 e6 6. Nf3 d6 7. Bc4 Nc6 8.
O-O Be7 9. Qe2 O-O 10. Nc3 dxe5 11. dxe5 Nxc3 12. bxc3 Qa5 13. Qe4 g6 14.
Re1 Rd8 15. Bg5 Bd7 16. Qh4 Qc5 17. Rab1 Rab8 18. Rb5 Qa3 19. Rb3 Qc5 20.
Rb5 Qa3 21. Rb3 Qc5 1/2-1/2

[Event "3rd KL Open"]
[Site "Kuala Lumpur MAS"]
[Date "2010.04.10"]
[Round "6"]
[White "Mchedlishvili,M"]
[Black "Hou Yifan"]
[Result "1/2-1/2"]
[WhiteElo "2634"]
[BlackElo "2570"]
[EventDate "2010.04.07"]

1. d4 e6 2. c4 Nf6 3. Nf3 d5 4. Nc3 Bb4 5. cxd5 exd5 6. Bg5 Nbd7 7. e3 c5
8. Bd3 Qa5 9. O-O c4 10. Bf5 O-O 11. Qc2 Re8 12. Nd2 g6 13. Bh3 Kg7 14.
Rfd1 h6 15. Bh4 g5 16. Bxd7 Bxd7 17. Bg3 Bxc3 18. Qxc3 Qxc3 19. bxc3 Ne4
20. Nxe4 Rxe4 21. Rab1 Bc6 22. Re1 Re6 23. f3 Rae8 24. Kf2 f6 25. Rb2 Kf7
26. h3 Kg6 27. Bh2 h5 28. h4 g4 29. fxg4 hxg4 30. Bf4 Rh8 31. Kg3 Kh5
1/2-1/2

[Event "3rd KL Open"]
[Site "Kuala Lumpur MAS"]
[Date "2010.04.10"]
[Round "6"]
[White "Rahman,Zia"]
[Black "Nguyen Anh Dung"]
[Result "1/2-1/2"]
[WhiteElo "2558"]
[BlackElo "2464"]
[EventDate "2010.04.07"]

1. d4 Nf6 2. Nf3 e6 3. e3 b6 4. Bd3 Bb7 5. O-O d5 6. b3 Nbd7 7. Bb2 Bd6 8.
Ne5 O-O 9. Nd2 Ne4 10. f4 f6 11. Nxe4 dxe4 12. Bc4 Bd5 13. Bxd5 exd5 14.
Nc6 Qe8 15. c4 Nb8 16. Nxb8 Rxb8 17. cxd5 Qb5 18. Qc2 Qxd5 19. Rac1 a5 20.
Qc6 Qf5 21. h3 h5 22. Qc4+ Rf7 23. Rc2 b5 24. Qe2 Qd5 25. Bc3 a4 26. Rb1
Rb6 27. Ba5 Ra6 28. Be1 axb3 29. Rxb3 1/2-1/2

[Event "3rd KL Open"]
[Site "Kuala Lumpur MAS"]
[Date "2010.04.10"]
[Round "6"]
[White "Ashwin,J"]
[Black "Luther,T"]
[Result "0-1"]
[WhiteElo "2446"]
[BlackElo "2559"]
[EventDate "2010.04.07"]

1. e4 e6 2. d4 d5 3. Nc3 Bb4 4. e5 c5 5. a3 Bxc3+ 6. bxc3 Qa5 7. Bd2 Qa4 8.
Qg4 Kf8 9. Qd1 b6 10. Nf3 Ba6 11. Bd3 Bxd3 12. cxd3 Qxd1+ 13. Kxd1 cxd4 14.
Nxd4 Ne7 15. f4 Nbc6 16. Nb3 f6 17. exf6 gxf6 18. Be3 Kf7 19. a4 Rag8 20.
g3 h5 21. Ke2 h4 22. Bf2 Nf5 23. Kf3 Nd6 24. gxh4 Nf5 25. a5 Nxh4+ 26. Ke2
Ng6 27. Bg3 Nge7 28. axb6 axb6 29. Bf2 Rh3 30. Ra6 Rg2 31. Rg1 Rxg1 32.
Bxg1 Ng6 33. f5 Nf4+ 34. Kf1 exf5 35. Rxb6 Ne5 36. Nc5 Nfxd3 37. Nxd3 Rxd3
38. Bd4 Rd2 39. Rd6 Rxh2 40. Rxd5 Ke6 41. Ra5 f4 42. c4 Rc2 43. Ra4 Ng4 44.
c5 f3 45. Ra1 Rg2 46. Re1+ Kf5 47. Be3 Re2 48. c6 Rg2 49. Bg1 Rxg1+ 50.
Kxg1 f2+ 51. Kf1 fxe1=Q+ 52. Kxe1 Ke6 53. c7 Kd7 0-1

[Event "3rd KL Open"]
[Site "Kuala Lumpur MAS"]
[Date "2010.04.10"]
[Round "6"]
[White "Dimakiling,O"]
[Black "Cao,S"]
[Result "1-0"]
[WhiteElo "2441"]
[BlackElo "2557"]
[EventDate "2010.04.07"]

1. c4 Nf6 2. Nc3 e5 3. g3 Bb4 4. Bg2 O-O 5. Nf3 Bxc3 6. bxc3 d6 7. O-O Nc6
8. Rb1 Qe7 9. d3 Nd8 10. Ne1 Bf5 11. Nc2 c6 12. e4 Bg4 13. f3 Bc8 14. f4 h6
15. Ne3 b6 16. Rb2 Rb8 17. Rbf2 Nh7 18. d4 f6 19. Ba3 c5 20. Nd5 Qe8 21. h4
Nf7 22. fxe5 fxe5 23. Qh5 Be6 24. Bc1 Nh8 25. dxe5 Rxf2 26. Rxf2 Bf7 27.
Qg4 Be6 28. Qh5 Bf7 29. Qd1 dxe5 30. Bh3 Rd8 31. Kh2 Rd6 32. a4 Bg6 33. Qg4
Bf7 34. a5 Ng6 35. axb6 axb6 36. Ra2 Nf6 37. Qe2 Ne7 38. Ra7 Nexd5 39. exd5
Bg6 40. g4 Rd7 41. Ra6 e4 42. Bf4 Rf7 43. Rxb6 Nd7 44. Re6 Rxf4 45. Rxe8+
Bxe8 46. g5 Ne5 47. gxh6 Nd3 48. Be6+ Kh7 49. hxg7 Kxg7 50. Qg2+ Bg6 51.
Qg5 e3 52. h5 Rf2+ 53. Kg3 e2 54. Qxg6+ Kf8 55. d6 Rg2+ 56. Kxg2 Nf4+ 57.
Kf2 Nxg6 58. hxg6 1-0

[Event "3rd KL Open"]
[Site "Kuala Lumpur MAS"]
[Date "2010.04.10"]
[Round "6"]
[White "Yee Soon Wei"]
[Black "Dzhumaev,M"]
[Result "0-1"]
[WhiteElo "2209"]
[BlackElo "2525"]
[EventDate "2010.04.07"]

1. e4 e6 2. d4 d5 3. Nd2 Ne7 4. Ngf3 Ng6 5. c3 Be7 6. g3 c5 7. exd5 exd5 8.
dxc5 Bxc5 9. Bb5+ Nc6 10. O-O O-O 11. Nb3 Bb6 12. Kg2 Qd7 13. Re1 Qh3+ 14.
Kg1 Bg4 15. Be2 Rae8 16. Nbd4 Rxe2 17. Rxe2 Nxd4 18. Nxd4 Bxd4 19. cxd4 Nh4
0-1

[Event "3rd KL Open"]
[Site "Kuala Lumpur MAS"]
[Date "2010.04.10"]
[Round "6"]
[White "Bui Vinh"]
[Black "Situru,N"]
[Result "0-1"]
[WhiteElo "2480"]
[BlackElo "2358"]
[EventDate "2010.04.07"]

1. d4 Nf6 2. Bg5 Ne4 3. Bf4 c5 4. f3 Nf6 5. d5 Qb6 6. Nc3 Qxb2 7. Bd2 Qb6
8. e4 d6 9. f4 Bg4 10. Nf3 Nbd7 11. Rb1 Qc7 12. h3 Bxf3 13. Qxf3 g6 14. e5
dxe5 15. d6 Qc6 16. Rxb7 e4 17. Nxe4 Nxe4 18. Rc7 Qd5 19. Ba5 c4 20. Bc3
Bg7 21. Bb4 c3 22. Bd3 f5 23. Ke2 exd6 24. Rd1 Kd8 25. Bc4 Qxd1+ 26. Kxd1
Kxc7 27. Ba5+ Nb6 28. Bb5 Kb7 29. g4 h5 30. Qf1 Rae8 31. gxf5 gxf5 32. Qg1
Re7 33. a4 Bf6 34. Ke2 Rg7 35. Qe3 Rg3 36. Qc1 Rg2+ 37. Kd3 Rd2+ 0-1

[Event "3rd KL Open"]
[Site "Kuala Lumpur MAS"]
[Date "2010.04.10"]
[Round "6"]
[White "Murshed,N"]
[Black "Das,Say"]
[Result "1-0"]
[WhiteElo "2413"]
[BlackElo "2216"]
[EventDate "2010.04.07"]

1. c4 e6 2. Nc3 d5 3. d4 Nf6 4. Bg5 Nbd7 5. e3 c6 6. cxd5 exd5 7. Bd3 Be7
8. Nf3 O-O 9. O-O Re8 10. Rb1 Nf8 11. b4 Ne4 12. Bxe7 Qxe7 13. Bxe4 dxe4
14. Nd2 f5 15. b5 Ng6 16. bxc6 bxc6 17. Na4 Be6 18. Rb2 Bd5 19. Nc5 Qg5 20.
Re1 Rab8 21. Rxb8 Rxb8 22. Qc2 Nh4 23. g3 Nf3+ 24. Nxf3 exf3 25. h3 Re8 26.
Kh2 Rf8 27. Nd7 Rd8 28. Ne5 Qf6 29. Qc5 Qe6 30. Qxa7 Qh6 31. Rb1 c5 32. Rb8
Qd6 33. Rxd8+ Qxd8 34. Qxc5 Qa8 35. a4 h6 36. Ng6 Kh7 37. Ne7 Be4 38. Nxf5
Qa6 39. Qe5 1-0

[Event "3rd KL Open"]
[Site "Kuala Lumpur MAS"]
[Date "2010.04.10"]
[Round "6"]
[White "Farid,F"]
[Black "Liu Dede"]
[Result "0-1"]
[WhiteElo "2245"]
[BlackElo "2423"]
[EventDate "2010.04.07"]

1. e4 e5 2. Nf3 Nc6 3. Bb5 a6 4. Ba4 Nf6 5. O-O Be7 6. Re1 b5 7. Bb3 d6 8.
c3 O-O 9. h3 Bb7 10. d4 Re8 11. a4 Bf8 12. Bg5 h6 13. Bxf6 Qxf6 14. d5 Ne7
15. Na3 c6 16. dxc6 Bxc6 17. Nc2 a5 18. axb5 Bxb5 19. Ne3 Reb8 20. Ng4 Qg6
21. Re3 Be8 22. Nd2 a4 23. Ba2 h5 24. Nh2 Nc6 25. Rg3 Qh6 26. Nc4 Na5 27.
Ne3 Rxb2 28. Nf5 Qf4 29. Qxh5 Rxa2 30. Rxa2 Qc1+ 31. Nf1 g6 32. Qe2 Rb8 33.
Rc2 Qa1 34. c4 Rb1 35. N5e3 Nb3 36. Nd5 Bh6 37. Nf6+ Kf8 38. Qd3 Rd1 39.
Nxe8 Rxd3 0-1

[Event "3rd KL Open"]
[Site "Kuala Lumpur MAS"]
[Date "2010.04.10"]
[Round "6"]
[White "Duong The Anh"]
[Black "Irwanto,S"]
[Result "1/2-1/2"]
[WhiteElo "2425"]
[BlackElo "2414"]
[EventDate "2010.04.07"]

1. d4 Nf6 2. Bg5 d5 3. e3 c6 4. Bd3 Bg4 5. f3 Bh5 6. Ne2 Nbd7 7. Bf4 e6 8.
g4 Bg6 9. h4 Qb6 10. Nbc3 e5 11. h5 Bxd3 12. Qxd3 h6 13. O-O-O c5 1/2-1/2

[Event "3rd KL Open"]
[Site "Kuala Lumpur MAS"]
[Date "2010.04.10"]
[Round "6"]
[White "Bhakti,K"]
[Black "Praveen Kumar,C1"]
[Result "0-1"]
[WhiteElo "2242"]
[BlackElo "2405"]
[EventDate "2010.04.07"]

1. d4 e6 2. c4 Nf6 3. Nc3 c5 4. d5 exd5 5. cxd5 d6 6. e4 g6 7. h3 Bg7 8.
Nf3 O-O 9. Bd3 Na6 10. O-O Nc7 11. Re1 Rb8 12. a4 a6 13. a5 b5 14. axb6
Rxb6 15. Nd2 Nb5 16. Nc4 Rb8 17. Bg5 Qc7 18. Qd2 Ne8 19. Bf4 f6 20. Bh2 Rf7
21. f4 Nd4 22. Qd1 f5 23. exf5 Bxf5 24. Rxa6 Re7 25. Bg3 Bh6 26. Rxe7 Qxe7
27. Ra1 Nf6 28. Bf2 Bxf4 29. Bxd4 cxd4 30. Bxf5 Be3+ 31. Kh2 gxf5 32. Ne2
Ng4+ 33. Kg3 Bf2+ 34. Kf4 Qe4+ 35. Kg5 h6+ 0-1